| 000 | 00000nam##2200000za#4500 |
| 001 | 9.663431 |
| 003 | CaOODSP |
| 005 | 20231123084324 |
| 007 | ta |
| 008 | 150407|2001||||xxc||||| f|0| 0 eng|d |
| 020 | |a0-662-66268-7 |
| 040 | |aCaOODSP|beng |
| 041 | |aeng |
| 041 | |afre |
| 043 | |an-cn--- |
| 086 | 1 |aE2-440/2001 |
| 110 | 1 |aCanada. |bForeign Affairs and International Trade Canada. |
| 245 | 10|aGovernment response to the fifth report of the Standing Committee on Foreign Affairs and International Trade : |bcrossing the Atlantic: expanding the economic relationship between Canada and Europe |
| 260 | |aOttawa - Ontario : |bForeign Affairs and International Trade |c2001. |
| 300 | |aEnglish text, 24p. ; |c28 cm. |
| 520 | 3 |aThis report highlights the government’s response to recommendations made in Crossing the Atlantic: Expanding the Economic Relationship between Canada and Europe. Topics include improving Canada’s image for investment by Europeans; promoting trade and investment activities and lowering trade barriers in Europe; achieving a free trade agreement with the European Union (EU); launching new World Trade Organization multilateral trade negotiations; expanding Canada-EU bilateral relationships; and assessing the effects of a growing EU. |
| 546 | |aBilingual |
| 563 | |aSoftcover |
| 590 | |a02-03|b2002-01-18 |
| 690 | 07|aForeign affairs|2gcpds |
| 690 | 07|aInternational trade|2gcpds |
| 690 | 07|aTrade relations|2gcpds |
| 776 | 0#|tTraverser l'Atlantique : |w(CaOODSP)9.637781 |
| 776 | 0#|tCrossing the Atlantic : |w(CaOODSP)9.693606 |
| 792 | |tRéponse du gouvernement au cinquième rapport du Comité permanent des affaires étrangères et du commerce international : |efre|w(CaOODSP)9.663432 |